000 00887nas a2200253Ia 4500
001 R002/39563
003 IT-RoPAU
008 151124c99999999xx |||||||||||| ||und||
040 _aIT-RoPAU
040 _cIT-RoPAU
041 _aITALIANO
100 _aGuglielmino Gian Maria
_gCodice Aut. SPICS: 5705
210 _aBIANCO E NERO
222 _aBianco E Nero
245 _aBIANCO E NERO, ANNO 45-N.02-APRILE/GIUGNO 1984
_bTradimenti: la Coscienza di Una Sconfitta
250 _a1a ed.
260 _aROMA
_bGREMESE
_c1984
501 _bPaulus - SPICS - Società San Paolo EM (non-commercial uses only)
_cCopyright2015
300 _a7 p. [111-117]
362 _aANNO 045, N.02-APRILE/GIUGNO 1984
500 _aLinguaggio-Di-Pinter Maschera-Di-Ben-Kingsley Saggio-E-Scheda-Del-Film-Di-David-Jones-Betrayal-Tradimenti
650 _aCINEMA
_vPUBBLICAZIONE PERIODICA
942 _cCR
999 _c169609
_d169609